| 000 | 00541nam a2200205Ia 4500 | ||
|---|---|---|---|
| 003 | LK-CoDNM | ||
| 005 | 20240821090339.0 | ||
| 008 | 010623t1872 xxu||||| |||| 00| 1 eng d | ||
| 040 |
_aLK-CoDNM _dLK-CoDNM _eLK-CoDNM |
||
| 041 | _aeng | ||
| 080 |
_a7 _bH1A |
||
| 100 | _aWatson,J.Forbes | ||
| 245 | _aA list of Indian Products : With Details relative to certain Operations | ||
| 260 |
_bIndia Museum _c1872 |
||
| 300 | _bXVI, 639P. ; 26 cm | ||
| 650 | _aIndia | ||
| 650 | _aIndustrial Survay | ||
| 650 | _aIndustries | ||
| 942 | _cBK | ||
| 999 |
_c81754 _d81754 |
||